MDQL
is popping MORE tags! Check the
thread
!
Quizzes
Events
Quiz Creation
Community
Videos
Private Events
Remove Ads
Sign In
Join for FREE
Feedback
Dark Mode
Quiz Categories
Sports
Geography
Music
Movies
Television
Just For Fun
Miscellaneous
History
Literature
Language
Science
Gaming
Entertainment
Religion
Holiday
For Kids
Quiz Lab
Recent
Popular Today
Quiz Kudos Today
Editor Picks
Curator Picks
Quizzes by...
Day
Popularity
Type
Ratings
Length
Year
Community
Subscriptions
Recent Discussions
Orange Saloon
Badges
Playlists
Quests
Create
Leaderboards
Showdown
Live 5
Trivia Bingo
Activity
Puzzle Library
Sporcle Events
Private Events
Virtual Trivia
Globe League
Become a Host
Pub Owners
SporcleCon
Opinionation
Our Games
Videos
Blog
Mobile Apps
Partnerships
Remove Ads and Go Orange
Feedback
Music
Pop Music
The Beatles
Song
Album
Lyrics
Bands
Singers
Artist
Clip
Rock
Rap
Classical
Billboard
Country Music
Kpop
Taylor Swift
Music
Pop Music
The Beatles
Song
Album
Lyrics
Bands
Singers
Artist
Clip
Rock
Rap
Classical
Billboard
Country Music
Kpop
Taylor Swift
Random Quiz
Search Sporcle
×
Quiz Lab
Quiz Lab
Music
Lyrics
Type in answers that appear in a list
Type in answers that appear in a list
Classic
Best Score? Go Orange.
Guess the All Time Low lyrics 3! Stats
Can you name the Guess the All Time Low lyrics 3!?
By
comeonecomeall03
7m
239 Questions
849 Plays
849 Plays
849 Plays
Comments
Comments
Give Quiz Kudos
Give Quiz Kudos
-
- Ratings
hide this ad
Replay
Link that replays current quiz
Next Quiz
Link to next quiz in quiz playlist
You Got
0%
They Got
Avg Score
54%
Avg Friend Score
Upgrade to see
Score Distribution
Jump to the score distribution portion of the page
Score
0/239
Timer
07:00
1
Play Today
Lyrics
% Correct
i
96.1%
i
96.1%
i
96.1%
i
96.1%
i
96.1%
i
96.1%
i
96.1%
i
96.1%
i
96.1%
i
96.1%
the
94.8%
the
94.8%
the
94.8%
and
94.8%
the
94.8%
the
94.8%
and
94.8%
the
94.8%
and
94.8%
the
94.8%
a
94.8%
the
94.8%
the
94.8%
the
94.8%
and
94.8%
the
94.8%
and
94.8%
and
94.8%
a
94.8%
a
94.8%
and
94.8%
a
94.8%
you
89.4%
you
89.4%
you
89.4%
you
89.4%
you
89.4%
you
89.4%
you
89.4%
you
89.4%
me
77.5%
me
77.5%
me
77.5%
me
77.5%
me
77.5%
me
77.5%
me
77.5%
in
71.4%
in
71.4%
in
71.4%
in
71.4%
in
71.4%
in
71.4%
it
69.5%
to
69.4%
to
69.4%
to
69.4%
to
69.4%
i'm
68.9%
i'm
68.9%
i'm
68.9%
i'm
68.9%
i'm
68.9%
i'm
68.9%
i'm
68.9%
be
66.5%
go
64.3%
on
64%
on
64%
so
63.3%
so
63.3%
so
63.3%
so
63.3%
so
63.3%
so
63.3%
for
58%
for
58%
for
58%
don't
57.6%
don't
57.6%
Lyrics
% Correct
don't
57.6%
don't
57.6%
don't
57.6%
my
57.2%
my
57.2%
my
57.2%
my
57.2%
my
57.2%
when
55.1%
when
55.1%
of
54.4%
can
54.4%
of
54.4%
can
54.4%
can
54.4%
not
53.8%
but
53.6%
but
53.6%
this
52.8%
this
52.8%
got
52.4%
got
52.4%
up
52.3%
up
52.3%
why
52.3%
why
52.3%
why
52.3%
why
52.3%
up
52.3%
way
51.5%
way
51.5%
way
51.5%
way
51.5%
way
51.5%
just
51.4%
just
51.4%
just
51.4%
just
51.4%
that
51.1%
that
51.1%
at
50.8%
at
50.8%
all
49.8%
all
49.8%
all
49.8%
all
49.8%
want
48.1%
am
48.1%
want
48.1%
am
48.1%
take
47.9%
take
47.9%
take
47.9%
take
47.9%
take
47.9%
they
47.8%
they
47.8%
they
47.8%
they
47.8%
say
47.5%
say
47.5%
say
47.5%
say
47.5%
we're
46.8%
what
46.3%
you've
45.1%
you've
45.1%
who
44.9%
i've
44.9%
i've
44.9%
who
44.9%
down
44.4%
down
44.4%
right
44.2%
one
44.2%
one
44.2%
think
41.6%
think
41.6%
there
41.2%
know
40.9%
Lyrics
% Correct
know
40.9%
know
40.9%
again
40.4%
caught
40.4%
caught
40.4%
caught
40.4%
out
40.2%
moment
39.5%
with
39.3%
with
39.3%
any
39.2%
any
39.2%
as
38.6%
as
38.6%
as
38.6%
poppin
38.5%
between
38.4%
between
38.4%
between
38.4%
between
38.4%
champagne
37.7%
by
37.7%
by
37.7%
fall
37.7%
lost
37%
lost
37%
falling
36.6%
than
34.9%
days
34.4%
eyes
34.4%
days
34.4%
eyes
34.4%
eyes
34.4%
follow
34%
would
34%
follow
34%
tearing
33.9%
nights
33.7%
nights
33.7%
seams
33.5%
been
33.5%
bit
33.2%
let
32.9%
hurt
32.4%
ever
32.4%
more
31.8%
fly
31.6%
fly
31.6%
boy
31.6%
please
31%
won't
30.9%
dream
29.9%
despise
28.4%
thinking
28.4%
despise
28.4%
streets
28.2%
streets
28.2%
aiming
27.7%
look
27.7%
there's
27.7%
give
27.6%
show
26.7%
set
25.9%
place
25.9%
picture
25.8%
somewhere
25.7%
things
25.4%
television
25.1%
still
24.5%
wide
24.1%
aesthetics
24%
mouth
23.7%
wishing
23.6%
believe
23.6%
detest
21.4%
dignity
21.2%
maybe
19.9%
grown
19.1%
strip
15.1%
Quiz Playlist
Details
Report
Send in Message
Add To Playlist
Classic:
Type in answers that appear in a list
Last Updated: Feb 16, 2017
Quiz Scoreboard
CHALLENGE
Sign Up to Join the Scoreboard
Show All
Scores
Hide
Comments
May contain spoilers
Recently Published
Street Fighter Characters
by Artimus82
Gaming
60s
9x9 Crossword: Cartoon Network
by jackfrog10
Miscellaneous
3m
College Basketball Coaching Resumes
by pancakes188
Sports
9m
More to Explore
Quiz From the Vault
Featured Blog Post
Where Did the Easter Bunny Come From?
hide this ad
You Might Also Like...
Tags
Lyrics Quiz
Alex
jack
Low
time
Zack
Today's Top Quizzes in Music
Browse Music
hide this ad
Today's Top Quizzes in Lyrics
Browse Lyrics
Top Contributed Quizzes in Music
1
Taylor Swift All Songs (2024)
2
Taylor Swift Logic Puzzle
3
Guess the Artist- 70s Songs
4
7-to-1: Billboard Hot 100 #1 Hits of 2010s
5
Sorting Albums and Songs
6
KPOP LOGIC QUIZ
7
Guess the Taylor Swift song (Mystery Song)
8
Guess The Taylor Swift Lyrics Song #1
9
Billboard Blitz: ABBA
10
Billboard Blitz: The Beatles
Explore More
Trending Topics
Harry Potter
Disney
NBA
Marvel
Anime
Kpop
Crossword
Pokémon
WWE
Puzzle
NFL
Soccer
Country
Song
The Office
hide this ad
More By:
comeonecomeall03
Quiz
Plays
Rating
Category
Featured
Created
Guess the One Direction Lyrics :]
8,398
3.45
Music
Jan 2, 2012
Guess the One Direction lyrics 2 :]
1,518
2.20
Music
May 16, 2012
Guess the One Direction Lyrics 3!
1,157
1.75
Music
Dec 27, 2012
Guess the All Time Low lyrics 5!
989
2.33
Music
Nov 27, 2011
Guess the All Time Low Lyrics 2 :]
887
1.00
Music
Aug 16, 2011
Go to Creator's Profile
Score Distribution
Quiz Creator Spotlight
comeonecomeall03
Follow
Send a Message
Quizzes Created
-
Created Quiz Play Count
-
More By This Creator
Popular Quizzes Today
1
Find the US States - No Outlines Minefield
2
Find the Countries of Europe - No Outlines Minefield
3
The Countries of the World
4
Find the US States
5
Risky Map Clicking: Biggest States A-Z
6
US States
7
Popular People in 1961
8
Movies - When Are They Set?
More Music Quizzes
HELP!
Curator's Pick
Trending Quizzes
Risky Map Clicking: Least Populous States A-Z
Billboard Blitz: Aretha Franklin
Famous Russians: Author or Composer?
1-10 Letter G Words
Countries of the World: 200 Million BC
Recently Updated
Leaping Animals
pecheneg
Reality TV Shows (A-Z)
bhenderson79
Rickey Henderson's Hall of Fame Teammates
pecheneg
Champions League XIs: Arsenal
pecheneg
Quick Pick: Celebrities in WWE's Hall of Fame
aduchscher
A-Z Keypad Blitz II
pecheneg
Multiple Oscar Actors
pecheneg
Mystery Phrase Blitz: Oscar 'Best Actors'
pecheneg
F. Scott Fitzgerald Novels
LTH
Pick 3 Villains
ddd62291
Trending Topics
Kpop
NBA
Harry Potter
Crossword
Anime
Marvel
Disney
Pokémon
WWE
Soccer
Puzzle
The Office
Song
NFL
Country
Your Account Isn't Verified!
In order to create a playlist on Sporcle, you need to verify the email address you used during registration. Go to your
Sporcle Settings
to finish the process.
Report this User
Report this user for behavior that violates our
Community Guidelines
.
Details:
Send Report
Go to the Sporcle.com Mobile Site →
Comments